000
00347pam a2200157a 44500
008
230515b1988 xxu||||| |||| 00| 0 eng d
020
_a
NULL
041
_a
ENG
082
_a
614
100
_a
BEDI YASH PAL
245
_a
SOCIAL & PREVENTIVE MEDICINE
250
_a
0
260
_a
NULL
_b
ATMA RAM & SONS
_c
1988
300
_a
73
650
_a
PSM
999
_c
545282
_d
545282